Chefs d'oeuvre vénitiens: De Paolo Veneziano a Tintoret
Guardat en:
| Format: | Llibre |
|---|---|
| Idioma: | francès |
| Publicat: |
París
Musée de L'Orangerie
1954
|
| Matèries: | |
| Etiquetes: |
Afegir etiqueta
Sense etiquetes, Sigues el primer a etiquetar aquest registre!
|
MARC
| LEADER | 00000nam a2200000 a 4500 | ||
|---|---|---|---|
| 001 | UCZ7790 | ||
| 003 | CL-VaPUC | ||
| 008 | 960109e19540000FR |||||||||||||||||fre|d | ||
| 082 | 0 | 4 | |a 759.5 |b CHE |2 21 |
| 245 | 1 | 0 | |a Chefs d'oeuvre vénitiens: De Paolo Veneziano a Tintoret |
| 300 | |a 92 p | ||
| 942 | |c BK | ||
| 945 | |d 19960109 00:00:00 |a mcarcey | ||
| 260 | |a París |b Musée de L'Orangerie |c 1954 | ||
| 650 | 0 | |a Museos |9 269209 | |
| 650 | 0 | |a Pintura italiana |9 265293 | |
| 583 | |a last modification |c 20130413 09:17:06 |k Rodrigo Vera | ||
| 999 | |c 243791 |d 243789 | ||